00486nam a22001457a 450000500170000000800410001704100130005808200150007110000390008624500890012525000200021426000470023430000330028165000260031420231101135936.0231031b |||||||| |||| 00| 0 eng d aEnglish  a346.7 COW  aCowen, DV and Gering, L lEnglish  aCowen on The Law of Negotiable Instruments in South Africa /cDV Cowen and L Gering  aFourth Edition  aCape Town : bJuta and Company Ltd, c1966 bxxxix, 661 pages ; c26 cm.  alegal practice bLaw